000 01206nam a22003257a 4500
001 0011726
003 KOHA_MİRAKIL
005 20260207001827.0
007 ta
008 100324b1998 tu |||grd|||#0|||1|tur |
020 _a9751600707
_c0,01
040 _aTR-BiSEU
_btur
_cTR-BiSEU
_erda
041 0 _atur
044 _ctu
050 _aPL189
_b.T87 1998
245 0 _aTürkçe sözlük/
_cTürk Dil Kurumu; hazırlayanlar İsmail Parlatır, Nevzat Gözaydın, Hamza Zülfikar, Belgin Tezcan Aksu, Seyfullah Türkmen, Yaşar Yılmaz.
250 _a9. baskı
264 1 _aAnkara :
_bTürk Dil Kurumu
_c1998
300 _a2 cilt ;
_c25 cm.
336 _ametin
_btxt
_2rdacontent
337 _aaracısız
_bn
_2rdamedia
338 _acilt
_bnc
_2rdacarrier
490 1 _aTürk Dil Kurumu yayınları ;
_v549 Sözlük Bilim ve Uygulama Kolu yayınları Türkçe Sözlükler dizisi ;
_v1
500 _aC.1, A-J-- c.2, K-Z.
650 0 _aTurkish language--Dictionaries.
_915524
650 0 _aTürk Dili--Sözlükler.
_918310
830 1 _aTürk Dil Kurumu yayınları ;
_v549 Sözlük Bilim ve Uygulama Kolu yayınları Türkçe Sözlükler dizisi ;
_v1
_95565
907 _aSözlük
942 _2lcc
_cBK
999 _c11695
_d11695